000 00294nam a22001337a 4500
008 180815b xxu||||| |||| 00| 0 eng d
020 _a9780321572110
041 _aeng
080 _25 ed
_a51
100 _a38
101 _amat
245 _aintermediate algebra
_cgay.e.m
942 _2udc
_cBK
999 _c47185
_d47185